| 000 | 00385nam a2200169 a 4500 | ||
|---|---|---|---|
| 003 | 0 | ||
| 005 | 20170411185646.0 | ||
| 008 | 080122s19uu xx 00 eng d | ||
| 020 | _a1-59060-501-2 | ||
| 050 |
_aTR(PS E _bJ69 2005 |
||
| 245 | _aJonah. | ||
| 260 | _bPlaymore inc. | ||
| 440 | _aBible pop-up | ||
| 650 | _aBible stories, English | ||
| 942 |
_2ddc _cBK |
||
| 999 |
_c106111 _d106111 |
||